Open Data Biblioteca Nacional de Portugal


República Portuguesa: Ministério da Cultura
Biblioteca Nacional de Portugal

Catálogo da BNP: acesso por Identificadores Unívocos
Registos Bibliográficos associados ao registo de autoridade

Etiqueta de registo: 00254nam 2200025 450
001 2284447
003 http://id.bnportugal.gov.pt/bib/catbnp/2284447
100 ## $a20260415d2025 k y0pory01030103ba
101 0# $apor$deng
102 ## $aPT
105 ## $aa m 000yy
106 ## $ar
200 1# $a Os pigmentos naturais das Serras do Socorro e Archeira e a sua utilização pela Associação Live With Earth$fRui Pessoa Vaz de Figueiredo Vasques$gorient. António José de Macedo Coutinho da Cruz Rodrigues, Diamantino dos Santos Diniz de Abreu
210 #9 $aLisboa$c[s.n.],$d2025
215 ## $a[18], 318 p.$cil.$d30 cm
328 #1 $aTese dout. Design, IADE - Faculdade de Design, Tecnologia e Comunicação, Universidade Europeia, 2025
700 #1 $aVasques,$bRui Pessoa Vaz de Figueiredo,$f1988-$31995770
702 #1 $aRodrigues,$bAntónio José de Macedo Coutinho da Cruz$4727$31410771
702 #1 $aAbreu,$bDiamantino$4727$31370068
801 #0 $aPT$bBN$gRPC
966 ## $lBN$mFGMON$x1
971 ## $cssilva$d20260415

OpendataBNP@bnportugal.pt | Mais informação sobre acesso aos dados BNP